i-dle Discography - Statistics

General Stats
  • This quiz has been taken 43 times
    6 since last reset
  • The average score is 65 of 82
Answer Stats
Answer % Correct
Allergy
100%
Blow Your Mind
100%
Chain
100%
Change
100%
Dahlia
100%
Dark (X-file)
100%
What's Your Name
100%
Doll
100%
DUMDI DUMDI
100%
Escape
100%
Eyes Roll
100%
Good Thing
100%
Hann (Alone)
100%
Hann (Alone in winter)
100%
Hwaa
100%
I Do
100%
I Want That
100%
Klaxon
100%
LATATA
100%
Liar
100%
Lion
100%
Lost
100%
Love
100%
Lucid
100%
Luv U
100%
Maybe
100%
Maze
100%
Moon
100%
Neverland
100%
Nxde
100%
Oh My God
100%
Peter Pan
100%
Polaroid
100%
Queencard
100%
Reset
100%
Revenge
100%
Senorita
100%
Tall Trees
100%
Tomboy
100%
Uh-Oh
100%
What's In Your House
100%
Where Is Love
100%
7Days
75%
All Night
75%
Already
75%
Bloom
75%
Fate
75%
Flip It
75%
Girlfriend
75%
Give Me Your
75%
Hear Me
75%
I'M THE TREND
75%
Last Forever
75%
Light My Fire
75%
Mono
75%
My Bag
75%
Never Stop Me
75%
Paradise
75%
Put It Straight
75%
Rollie
75%
Sculpture
75%
Super Lady
75%
Tung-Tung (Empty)
75%
Unstoppable
75%
Villain Dies
75%
Wife
75%
Dollar
50%
Don't Text Me
50%
If You Want
50%
Invincible
50%
Last Dance
50%
Love Tease
50%
Vision
50%
Where Do We Go
50%
Arise
25%
Abracadabra
25%
For You
25%
This Time Around
25%
Crow
0%
Farewell to the World
0%
Help Me
0%
Replay
0%
No matching quizzes found
Score Distribution
Percent of People with Each Score
Percentile by Number Answered
Your Score History
You have not taken this quiz since the last reset